000 01067nam a2200265 i 4500
001 48085
003 ES-MaACL
005 20230906161706.0
007 t|
008 940301m18871888sp ||||1| spa d
080 _a929 Alejandro Magno (38)
080 _a94(38)"-0359/-0323"
100 1 _aCurcio Rufo, Quinto.
_942203
245 1 0 _aDe la vida y acciones de Alexandr [sic] el Grande /
_cpor Quinto Curcio Rufo ; traducido de la lengua latina en la española por Mateo Ibáñez de Segovia y Orellana, marqués de Corpa.
246 3 _aDe la vida y acciones de Alexandro el Grande
260 _aMadrid :
_bLibrería de la Viuda de Hernando y Cía,
_c1887-1888.
300 _a2 v. (XXXII, 299 ; 359 p.) ;
_c19 cm.
490 1 _aBiblioteca clásica ;
_v107-108
600 0 4 _aAlejandro Magno.
_9125603
651 4 _aGrecia-
_xHistoria-
_y359-323 a.C., Expansión macedónica.
_9162843
700 1 _aIbañez de Segovia y Orellana, Mateo.
_964921
830 1 _aBiblioteca clásica ;
_v107-108
_9180370
852 _aES-MaACL
_jF-13071-72
999 _c48085
_d48085